00467 a2200109 4500082001200000100002500012245008900037260008200126300003400208500005800242856005700300 aPGDIT-2 aZaigham Rehman Meer. aDesign and development of NIIT establishment (administration) cZaigham Rehman Meer. aIslamabad :bNUST School of Electrical Engineering & Computer Science,c2000. aviii, 42 p. :bill. ;c27 cm. aSupervisors : Dr. Abaidullah Anwar, Mr. Rooh ul Amin. uhttp://10.250.8.41:8080/xmlui/handle/123456789/31794